A-Z: Jumble Pairs Quiz Stats

Quiz Updated Aug 21, 2014

Also try: Jumbled Sets
Challenge
Share
Tweet
Embed
Score 0/52 Timer 12:00
1 Play Today
New Letter Word % Correct
A +pecan
83.6%
N +Edgar
82.7%
J +urine
79.9%
S +leash
77.8%
C +pearl
77.6%
Jumble → nickel
76.1%
K +Cline
73.4%
D +acorn
72.6%
H +write
70.9%
X +otter
70.8%
I +nouns
69.2%
Jumble → hamper
67.8%
G +meant
67.8%
M +bagel
66.6%
F +Ebert
66.5%
Jumble → radius
66.4%
Y +lager
64.9%
P +harem
64.7%
Jumble → gander
64.2%
Jumble → staple
63.5%
Jumble → Sweden
63.1%
Jumble → injure
62.6%
Jumble → squint
59.9%
Jumble → magnet
59.2%
Jumble → argyle
58.5%
W +dense
57.8%
New Letter Word % Correct
R +Saudi
55.9%
Jumble → wither
54.5%
Jumble → gamble
53.5%
Jumble → parcel
53.2%
L +Intel
52.6%
V +sewer
52.6%
Z +their
51.2%
E +Fargo
49.8%
Jumble → forage
49%
Q +Tunis
48.2%
Jumble → canape
48.1%
Jumble → swerve
46.9%
U +super
46.1%
Jumble → lentil
45.6%
Jumble → hassle
44.5%
O +manor
43.2%
Jumble → bereft
40.2%
Jumble → zither
39.2%
T +lapse
39%
Jumble → extort
38.7%
B +argon
38.6%
Jumble → romano
36.3%
Jumble → pursue
33.4%
Jumble → candor
32.6%
Jumble → unison
24.8%
Jumble → brogan
13.9%

You're not logged in!

Compare scores with friends on all Sporcle quizzes.
Join for Free
OR
Log In

You Might Also Like...

Show Comments

Extras

Top Quizzes Today


Score Distribution

Your Account Isn't Verified!

In order to create a playlist on Sporcle, you need to verify the email address you used during registration. Go to your Sporcle Settings to finish the process.

Report this User

Report this user for behavior that violates our Community Guidelines.

Details: